| 000 | 00306 a2200133 4500 | ||
|---|---|---|---|
| 001 | 64346 | ||
| 082 | _a515.35 CHU | ||
| 090 |
_c37981 _d37981 |
||
| 100 | _aChurchill R.V | ||
| 245 | _aFourier Series and boundary value problems | ||
| 250 | _a2 | ||
| 260 |
_aNY _bMcGraw-Hill _c1969 |
||
| 300 | _a248 p. | ||
| 942 |
_aNUST-CAE _k515.35 CHU |
||
| 999 |
_c299419 _d299419 |
||